Регионална библиотека "Любен Каравелов" - Русе

Съчинения (Запис номер 187660)

MARC детайли
000 -Лидер
Контролно поле с фиксирана дължина 01289nam a2200277 c 4500
003 - Код на организацията, давaща контролен номер
Контролно поле BLK
005 - Дата и час на последна редакция
Контролно поле 20230401030328.0
008 - Елементи от данни с фиксирана дължина
fixed length control field 180411b bul|||||r ||||||| ||bul||
010 ## - Наследен системен номер
LC control number KNG00196677000
040 ## - Източник на каталожния запис
Идентификатор на билиотеката - собственик на записа BLK
041 ## - Код за език
Код за езика на текст/звукозапис или на отделно заглавие Български
Код за езика КДБФ Български
080 ## - УДК
Текстов определител УДК Българска литература
УДК код - определител по УДК 821.163.2
УДК определител -8
УДК - код + определител 821.163.2-8
100 1# - Редна дума - Автор
Автор Софроний Врачански
Дати, свързани с автора 1739-1813
Титли или други наименования, свързани с автора Владиславов, Стойко ; Софроний, епископ Врачански ; Софроний Врачански, св. ; Серафим, монах
Авторска отговорност първи автор
R(LIN) 366013
139 ## - Редно поле
Редна дума Софроний Врачански
Авторски знак Соф - С 53
245 10 - Сведения за заглавието
Заглавие Съчинения
Подзаглавни данни В 2. т.
Редно поле (дума) Софроний Врачански; подб. и подготовка Афродита Зурмалиева Алексиева.
Том Т. 1
257 ## - Страна на издаване
Страна на създаване/издаване България
260 ## - Област на издателските данни
-- София
Име на издателя, разпространителя и проч. Бълг. писател
Година на издаване 1989
380 ## - Жанр
Жанр Худож. лит.
700 1# - Други автори (авторска отговорност)
Лично име Алексиева, Афродита Зурмалиева
Автороска отговорност (Описва отношението между автора и произведението) подб. и подготовка
9 (RLIN) 376746
760 1# - Описание на основната серия
Редна дума на основното описание Софроний Врачански
Място на издаване, издател и година 1989
Страници - том 440 с., 8 л. : ил., факс.
Забележка - том Именен показалец ; Речник на редките, остарелите и непознатите думи.
Заглавие Т. 1
852 ## - Местоположение
Форматна сигнатура Цб 161757
856 4# - Електронен адрес и достъп
Електронен формат pdf - файл
Път до файла /url/
856 4# - Електронен адрес и достъп
Електронен формат pdf - файл
Път до файла /url/
942 ## - АРТИКУЛИ
Вид на библиотечния материал Книги
Скрит в OPAC Не
Koha issues (borrowed), all copies 1
944 ## - СЪЗДАВАНЕ И РЕДАКЦИЯ на ЗАПИСА
Създаване/Редакция Създаване
Дата на регистрацията/редакция 23.11.2016
Служител, извършил регистрацията/редакцията Грета_Цуфелде
944 ## - СЪЗДАВАНЕ И РЕДАКЦИЯ на ЗАПИСА
Създаване/Редакция Редакция
Дата на регистрацията/редакция 23.11.2016
Служител, извършил регистрацията/редакцията Грета_Цуфелде
999 ## - СИСТЕМНИ КОНТРОЛНИ НОМЕРА
Koha biblionumber 187660
Koha biblioitemnumber 187660
Наличности
Код за отписване Код за изгубен артикул Източник на класификационната схема Код за повреда Коз за рестрикции Код за отдаване Артикулен № Име на библиотеката - собственик Име на библиотеката, в която се намира в момента Статус (Текущо местоположение) Дата на вписване в системата Местоположение - отдел Цена в лева Инвентарен номер Систематично азбучна сигнатура Баркод Номер на екземпляра Цена в евро Служебна бележка Служебен тип на артикула Бележка за публиката
  Не е изгубен Universal Decimal Classification Не е повреден без рестрикции ползва се в читалня 327902 Регионална библиотека "Любен Каравелов" Русе Регионална библиотека "Любен Каравелов" Русе Хранилище 1989-01-01 Хранилище 3.48 530554 Цб 161757 120000530554 1 1.78 N: стар фонд Дата: 01.01.1989 Книги  
Изтеглен Не е изгубен   Не е повреден без рестрикции заемане за дома 327903 Регионална библиотека "Любен Каравелов" Русе Регионална библиотека "Любен Каравелов" Русе   1989-01-01 Заемна - подръчен фонд 3.48 530855 П 886.7-8/С 53 530855 2 1.78 N: стар фонд Дата: 01.01.1989 Книги Отч.N: 6/2018 , Дата: 22.01.2018
Изтеглен Не е изгубен Universal Decimal Classification Не е повреден без рестрикции заемане за дома 327904 Регионална библиотека "Любен Каравелов" Русе Регионална библиотека "Любен Каравелов" Русе Заемна - подръчен фонд 1989-01-01 Заемна - подръчен фонд 3.48 530856 П 886.7-8/С 53 530856 3 1.78 N: стар фонд Дата: 01.01.1989 Книги  
  Не е изгубен Universal Decimal Classification Не е повреден без рестрикции заемане за дома 327905 Регионална библиотека "Любен Каравелов" Русе Регионална библиотека "Любен Каравелов" Русе Заемна - подръчен фонд 1989-01-01 Заемна - подръчен фонд 3.48 530858 П 886.7-8/С 53 120000530858 4 1.78 N: стар фонд Дата: 01.01.1989 Дата инв: 12.02.2018 Бележки инв: П2018 Книги  
Vip Innovations Ltd, Rousse, Bulgaria 2025